<?xml version="1.0" encoding="UTF-8"?>
<record
    xmlns:xsi="http://www.w3.org/2001/XMLSchema-instance"
    xsi:schemaLocation="http://www.loc.gov/MARC21/slim http://www.loc.gov/standards/marcxml/schema/MARC21slim.xsd"
    xmlns="http://www.loc.gov/MARC21/slim">

  <leader>01574nam a2200205 a 4500</leader>
  <controlfield tag="001">000045546</controlfield>
  <controlfield tag="005">20201002052316.0</controlfield>
  <controlfield tag="008">150414s2004    dr a          000 0 spa d</controlfield>
  <datafield tag="020" ind1=" " ind2=" ">
    <subfield code="a">9945405055</subfield>
  </datafield>
  <datafield tag="040" ind1=" " ind2=" ">
    <subfield code="a">DO-SdBNP</subfield>
    <subfield code="b">spa</subfield>
    <subfield code="c">BNPHU</subfield>
  </datafield>
  <datafield tag="082" ind1=" " ind2=" ">
    <subfield code="a">xxxx</subfield>
    <subfield code="b">xxxx</subfield>
  </datafield>
  <datafield tag="100" ind1="1" ind2=" ">
    <subfield code="a">Alm&#xE1;nzar Rodr&#xED;guez, Luis</subfield>
    <subfield code="9">73606</subfield>
  </datafield>
  <datafield tag="245" ind1="1" ind2="3">
    <subfield code="a">El juego, el juguete en la educaci&#xF3;n infantil /</subfield>
    <subfield code="c">adaptaci&#xF3;n Luis Alm&#xE1;nzar Rodr&#xED;guez ; ilustraci&#xF3;n Liubov Balanutsa de Javier.</subfield>
  </datafield>
  <datafield tag="260" ind1=" " ind2=" ">
    <subfield code="a">Santo Domingo :</subfield>
    <subfield code="b">Manat&#xED;,</subfield>
    <subfield code="b">CAJIR,</subfield>
    <subfield code="c">2004.</subfield>
  </datafield>
  <datafield tag="300" ind1=" " ind2=" ">
    <subfield code="a">xiii, 165 p. :</subfield>
    <subfield code="b">il. ;</subfield>
    <subfield code="c">24 cm.</subfield>
  </datafield>
  <datafield tag="504" ind1=" " ind2=" ">
    <subfield code="a">Incluye bibliograf&#xED;as</subfield>
  </datafield>
  <datafield tag="505" ind1="0" ind2=" ">
    <subfield code="g">Cap&#xED;tulo l</subfield>
    <subfield code="a">La actitud del educador en la educaci&#xF3;n a trav&#xE9;s del juego --</subfield>
    <subfield code="g">Cap&#xED;tulo ll</subfield>
    <subfield code="t">Un modelo l&#xFA;dico de intervenci&#xF3;n psicoeducativa para la educaci&#xF3;n infantil --</subfield>
    <subfield code="g">Cap&#xED;tulo lll</subfield>
    <subfield code="t">El juego como instrumentode socializaci&#xF3;n --</subfield>
    <subfield code="g">Cap&#xED;tulo lV</subfield>
    <subfield code="t">Una propuesta psicopedag&#xF3;gica del juego para la educaci&#xF3;n infantil --</subfield>
    <subfield code="g">Cap&#xED;tulo V</subfield>
    <subfield code="t">El juego y el juguete en los temas transversales --</subfield>
    <subfield code="g">Cap&#xED;tulo Vl</subfield>
    <subfield code="t">Aplicaciones did&#xE1;cticas del juguete educativo en el proyecto cocurricular --</subfield>
    <subfield code="g">Cap&#xED;tulo Vll</subfield>
    <subfield code="t">Juego con lenguaje: El humor y el juego fomentan el ingenio y la creatividad --</subfield>
    <subfield code="g">Cap&#xED;tulo Vlll</subfield>
    <subfield code="t">La integraci&#xF3;n por el juego desde una l&#xFA;doteca --</subfield>
    <subfield code="g">Cap&#xED;tulo lX</subfield>
    <subfield code="t">Compartiendo experiencias. La educaci&#xF3;n para la solidaridad como programa transversal en una l&#xFA;doteca --</subfield>
    <subfield code="g">Cap&#xED;tulo X</subfield>
    <subfield code="t">Juegos cooperativos para construir valores --</subfield>
  </datafield>
  <datafield tag="700" ind1="1" ind2="2">
    <subfield code="a">Balanutsa de Javier, Liubov,</subfield>
    <subfield code="e">il.</subfield>
    <subfield code="9">73607</subfield>
  </datafield>
  <datafield tag="710" ind1="2" ind2="2">
    <subfield code="a">El Consejo Asesor Internacional de la Juventud Rural (CAJIR)</subfield>
    <subfield code="9">73608</subfield>
  </datafield>
  <datafield tag="952" ind1=" " ind2=" ">
    <subfield code="0">0</subfield>
    <subfield code="1">0</subfield>
    <subfield code="7">1</subfield>
    <subfield code="8">PD</subfield>
    <subfield code="a">PD</subfield>
    <subfield code="b">PD</subfield>
    <subfield code="c">CT</subfield>
    <subfield code="d">2015-04-14</subfield>
    <subfield code="i">LF1</subfield>
    <subfield code="l">0</subfield>
    <subfield code="o">xxxx xxxx</subfield>
    <subfield code="p">45546-10</subfield>
    <subfield code="r">2020-06-25</subfield>
    <subfield code="w">2020-06-25</subfield>
    <subfield code="y">LFPD</subfield>
    <subfield code="Z">No se presta</subfield>
  </datafield>
  <datafield tag="999" ind1=" " ind2=" ">
    <subfield code="c">45035</subfield>
    <subfield code="d">45035</subfield>
  </datafield>
</record>
